| 000 | 00933nam a2200253 i 4500 | ||
|---|---|---|---|
| 001 | 000016141 | ||
| 003 | DO-SdBNP | ||
| 005 | 20250502073819.0 | ||
| 007 | ta | ||
| 008 | 100226s1981 dr c r 000 0 spa d | ||
| 040 |
_aDO-SdBNP _bspa _cBNPHU _erda |
||
| 082 | 4 | _222 | |
| 111 | 2 |
_aSimposio sobre servicio civil y carrera administrativa _n(1a. : _d1981 ene. 14 : _cSanto Domingo) _936135 |
|
| 245 | 1 | 0 |
_aPrimer simposio sobre servicio civil y carrera administrativa / _cpresentación, Raymundo Amaro Guzmán. |
| 264 |
_aSanto Domingo : _bONAP, _c1981. |
||
| 300 |
_a70 páginas: _bretratos. ; _c21 cm. |
||
| 336 |
_2rdacontent _atexto _btxt |
||
| 337 |
_2rdamedia _asin mediación _bn |
||
| 338 |
_2rdacarrier _avolumen _bnc |
||
| 590 | _aInventariado, 2024/BT | ||
| 700 | 1 |
_aAmaro Guzmán, Raymundo, _epresentación _9656 |
|
| 710 | 1 |
_aRepública Dominicana. _bOficina Nacional de Administración y Personal _926398 |
|
| 942 |
_2ddc _cLBS1 |
||
| 999 |
_c15681 _d15681 |
||